Statistics for Famous Singers With The Greatest Vocal Ranges

Click here to take the quiz!

General Stats

  • This quiz has been taken 158 times
    (157 since last reset)
  • The average score is 4 of 22

Answer Stats

RangeAnswer% Correct
F2 - G7Mariah Carey
80%
F2 - E6Freddie Mercury
42%
A2 - E6Beyonce
37%
C3 - C#7Christina Aguilera
31%
E2 - D6Elton John
26%
F1 - Bb6Axl Rose
23%
B1 - B5Paul McCartney
22%
B1 - A5John Lennon
21%
E2 - B6Prince
21%
B1 - A5Elvis Presley
20%
D2 - Eb6Marvin Gaye
17%
B2 - G6Tina Turner
16%
G1 - G#5David Bowie
13%
Eb2 - E6James Brown
13%
C#2 - G#5Bono
11%
Eb2 - B5Bruce Springsteen
9%
B1 - G5Roger Daltrey
9%
D2 - E6Steven Tyler
9%
F#1 - Eb5Barry White
5%
E2 - E6Thom York
3%
G2 - E6Jeff Buckley
2%
Bb1 - F5Tom Waits
1%

Score Distribution

Percentile by Number Answered

Percent of People with Each Score

Your Score History

You have not taken this quiz since the last reset